Esercitazioni di geometria analitica e proiettiva /

Guardado en:
Autor Principal: Campedelli, Luigi.
Formato: Libro
Idioma:Italian
Publicado: Padova : CEDAM, 1956.
Edición:6a. ed.
Etiquetas: Agregar Etiqueta
Sin Etiquetas, Sea el primero en etiquetar este registro!
LEADER 00463nam a22001455a 4500
001 MAT.inmabb004927
008 080820s1956####it#a##########000#0#ita#d
005 20130311115758.0
245 1 0 |a Esercitazioni di geometria analitica e proiettiva /  |c Luigi Campedelli. 
250 |a 6a. ed. 
260 |a Padova :  |b CEDAM,  |c 1956. 
300 |a x, 390 p., láms. :  |b il. ;  |c 26 cm. 
100 1 |a Campedelli, Luigi. 
084 |a 51-01 (00A07)  |2 msc2000 
859 |h 51  |i C193  |p A-7219  |b BIB. MATEMATICA